Liedtext: BRDigung - Pures Gift für mich - Statistiken

Allgemein
  • Dieses Quiz wurde 6 mal gespielt
  • Das Durchschnittsergebnis liegt bei 213 aus 301
Antwortstatistiken
Antwort % Korrekt
für
100%
Gift
100%
Ich
100%
ich
100%
ist
100%
mich
100%
pures
100%
sie
100%
Sie
100%
als
80%
das
80%
der
80%
dich
80%
die
80%
doch
80%
du
80%
es
80%
Es
80%
ihr
80%
liebe
80%
liebt
80%
mein
80%
nicht
80%
so
80%
und
80%
Und
80%
viel
80%
Wir
80%
an
60%
anders
60%
auch
60%
aus
60%
Baby
60%
Bein
60%
besser
60%
denn
60%
diesem
60%
führt
60%
gab
60%
geh
60%
gehören
60%
geplant
60%
goldenen
60%
grad
60%
hast
60%
hat
60%
Haus
60%
heraus
60%
hör
60%
höre
60%
Junge
60%
kam
60%
kein
60%
lacht
60%
lass
60%
Mama
60%
mir
60%
mit
60%
sagen
60%
sagt
60%
sagte
60%
schwöre
60%
sein
60%
Sklave
60%
Stein
60%
Tanz
60%
tanz
60%
verlieb
60%
verliebte
60%
wahr
60%
was
60%
Weg
60%
weiß
60%
wie
60%
will
60%
zu
60%
zusammen
60%
Applaus
40%
Beziehung
40%
dann
40%
dir
40%
ein
40%
Erfolg
40%
etwas
40%
frei
40%
geb
40%
gebracht
40%
Geld
40%
Gesicht
40%
gestehe
40%
Glück
40%
gut
40%
hält
40%
hatte
40%
heute
40%
ihrem
40%
ja
40%
Ja
40%
kaputt
40%
kennt
40%
klingt
40%
langsam
40%
Lässt
40%
leiden
40%
lieg
40%
man
40%
meine
40%
Meine
40%
Mut
40%
nachts
40%
nein
40%
Regeln
40%
scheiden
40%
schon
40%
schön
40%
Seele
40%
sich
40%
sperrt
40%
Spiel
40%
tanzt
40%
tat
40%
teuflischen
40%
Träume
40%
um
40%
veränderte
40%
verkauft
40%
verspricht
40%
viele
40%
vorbei
40%
wach
40%
Wenn
40%
werden
40%
wirst
40%
Keine übereinstimmenden Quizze gefunden
Verteilung der Resultate
Anzahl Personen mit jedem Resultat
Perzentil nach korrekt beantworteten Fragen
Ihre Resultats-Entwicklung
Sie haben dieses Quiz noch nicht gespielt